000 00846nam a2200265Ia 4500
001 21934
005 20260320113326.0
008 260320s9999||||xx |||||||||||||| ||und||
020 _a9786124931185
041 _aESP
082 _a331.10985
_bM26
100 _aMartínez de la Torre, Ricardo,
_eAUT
245 0 _aEl movimiento obrero peruano 1918-1919
_b
246 _a
_5
_b
250 _aPrimera edición
260 _aLima :
_bAchawata,
_c2024
300 _a106 páginas :
_bcuadros ;
_c18 cm.
_e
440 _a(Libros populares
_n; número 9)
_v
650 _aCIS
653 _aTrabajadores - Perú; Movimientos obreros - Perú
654 _aCAN
700 _a
_c
856 _uhttps://0u20fluo9-y-https-research-ebsco-com.itmsp.museknowledge.com/c/qxo6us/search
_zVéase además: Base de datos EBSCOhost
942 _cLIB
_dJUS
_fMAT
_2ddc
_n
999 _c21934
_d21934